Melayu Baru (Record no. 160901)

MARC details
000 -LEADER
fixed length control field 00836nam a2200253 i 4500
001 - CONTROL NUMBER
control field C2-0217781
003 - CONTROL NUMBER IDENTIFIER
control field PPAK
005 - DATE AND TIME OF LATEST TRANSACTION
control field 20180728110259.0
008 - FIXED-LENGTH DATA ELEMENTS--GENERAL INFORMATION
fixed length control field 990708s1993 my o|||| ||||| | may d
020 ## - INTERNATIONAL STANDARD BOOK NUMBER
International Standard Book Number 983987011
040 ## - CATALOGING SOURCE
Original cataloging agency PPAK
Language of cataloging eng
Transcribing agency PPAK
Description conventions rda
082 04 - DEWEY DECIMAL CLASSIFICATION NUMBER
Classification number 305.089923
Edition number 23
090 00 - LOCALLY ASSIGNED LC-TYPE CALL NUMBER (OCLC); LOCAL CALL NUMBER (RLIN)
Classification number (OCLC) (R) ; Classification number, CALL (RLIN) (NR) 305.089923
Feature heading MEL
Feature heading KIH
Classification number (OCLC) (R) ; Classification number, CALL (RLIN) (NR) 305.089923
Feature heading MEL
Feature heading KK
245 00 - TITLE STATEMENT
Title Melayu Baru
Remainder of title Monograf & Dokumentasi Gapena 1993
264 #1 - PRODUCTION, PUBLICATION, DISTRIBUTION, MANUFACTURE, AND COPYRIGHT NOTICE
Place of production, publication, distribution, manufacture Kuala Lumpur :
Name of producer, publisher, distributor, manufacturer ITC Book Publisher ,
Date of production, publication, distribution, manufacture, or copyright notice 1993
300 ## - PHYSICAL DESCRIPTION
Extent 169 pages :
Other physical details photographs ;
Dimensions 22 cm
336 ## - CONTENT TYPE
Source rdacontent
Content type term text
337 ## - MEDIA TYPE
Source rdamedia
Media type term unmediated
338 ## - CARRIER TYPE
Source rdacarrier
Carrier type term volume
500 ## - GENERAL NOTE
General note Simposium Melayu Baru
650 10 - SUBJECT ADDED ENTRY--TOPICAL TERM
Topical term or geographic name entry element Malays - Politics and government - Malaysia. ; Malays - Social conditions - Malaysia. ; Malays - Economics conditions - Malaysia.
942 ## - ADDED ENTRY ELEMENTS (KOHA)
-- dc
Koha item type Book
Holdings
Withdrawn Not for loan Current library Shelving location Date acquired Full call number Barcode Date last seen Koha item type
  Not For Loan Perpustakaan Alor Setar Koleksi Ismail Hussein 08/07/1999 KIH 305.089923 MEL A00171197 01/06/2018 Book
  Not For Loan Perpustakaan Alor Setar Koleksi Kedah 27/05/2015 KK 305.089923 MEL A00366464 01/06/2018 Book
  Not For Loan Perpustakaan Alor Setar Koleksi Kedah 20/01/2016 KK 305.089923 MEL A00366667 01/06/2018 Book
  Not For Loan Perpustakaan Alor Setar Koleksi Ismail Hussein 25/05/2015 KIH 305.089923 MEL A00180632 01/06/2018 Book
  Not For Loan Perpustakaan Baling Koleksi Ismail Hussein 08/07/1999 KIH 305.089923 MEL A00171016 01/06/2018 Book